[Event "Moscow op-A 17th"]
[Site "Moscow"]
[Date "2021.02.26"]
[Round "7"]
[White "Sabirov, Timur"]
[Black "Ivannikov, Maksim"]
[Result "1/2-1/2"]
[WhiteElo "2048"]
[BlackElo "1763"]
[PlyCount "125"]
[EventDate "2021.02.20"]
[EventType "swiss"]
[EventRounds "9"]
[EventCountry "RUS"]
[SourceTitle "CBM 200 Extra"]
[Source "ChessBase"]
[SourceDate "2021.03.31"]
[SourceVersion "1"]
[SourceVersionDate "2021.03.31"]
[SourceQuality "1"]

1. c4 e5 2. g3 d6 3. Bg2 f5 4. Nc3 Nf6 5. e3 Be7 6. Nge2 0-0 7. 0-0 c6 8. d4 Na6 9. Rb1 e4 10. f3 d5 11. fxe4 fxe4 12. Nf4 Nc7 13. cxd5 cxd5 14. b4 Ne6 15. Qb3 Nxf4 16. Rxf4 Kh8 17. Bd2 b6 18. b5 Bb7 19. Ne2 Bd6 20. Rf2 Nh5 21. Rxf8+ Qxf8 22. a4 Qf7 23. a5 bxa5 24. Bxa5 Rf8 25. Rf1 Qd7 26. Rxf8+ Bxf8 27. Nc3 Nf6 28. Bb4 Bxb4 29. Qxb4 h5 30. Qf8+ Kh7 31. Qb8 a6 32. b6 Qc6 33. Qc7 Nd7 34. Bh3 Nxb6 35. Bf5+ Kg8 36. Qd8+ Kf7 37. Bh7 a5 38. Bg8+ Kg6 39. h4 Qf6 40. Qe8+ Kh6 41. Bf7 g6 42. Qf8+ Qg7 43. Qe7 Bc6 44. Qc7 Ba8 45. Qf4+ Kh7 46. Be8 Nc4 47. Bb5 Nd2 48. Na4 Bb7 49. Nc5 Bc8 50. Bc6 Nf3+ 51. Kf2 g5 52. hxg5 Nxg5 53. Ke1 Nh3 54. Qe5 Qf7 55. Bxd5 Qf2+ 56. Kd1 Bg4+ 57. Kc1 Qe1+ 58. Kb2 Qd2+ 59. Ka3 Qb4+ 60. Ka2 Qd2+ 61. Kb1 Qd1+ 62. Ka2 Qd2+ 63. Ka3 1/2-1/2

[Event "Moscow op-A 17th"]
[Site "Moscow"]
[Date "2021.02.25"]
[Round "6"]
[White "Ivannikov, Maksim"]
[Black "Zhuk, Kirill"]
[Result "1/2-1/2"]
[WhiteElo "1763"]
[BlackElo "2054"]
[PlyCount "84"]
[EventDate "2021.02.20"]
[EventType "swiss"]
[EventRounds "9"]
[EventCountry "RUS"]
[SourceTitle "CBM 200 Extra"]
[Source "ChessBase"]
[SourceDate "2021.03.31"]
[SourceVersion "1"]
[SourceVersionDate "2021.03.31"]
[SourceQuality "1"]

1. e4 c5 2. Nc3 e6 3. Nge2 Nc6 4. d4 cxd4 5. Nxd4 Qc7 6. Nxc6 bxc6 7. Bd3 Nf6 8. 0-0 Be7 9. f4 d5 10. Qf3 h5 11. exd5 exd5 12. f5 Ng4 13. Bf4 Bd6 14. Rae1+ Kf8 15. Bxd6+ Qxd6 16. g3 Bd7 17. Ne2 Re8 18. Nf4 Qc5+ 19. Kh1 Rxe1 20. Rxe1 Qf2 21. Qe2 Qxe2 22. Rxe2 h4 23. Kg2 hxg3 24. hxg3 Nf6 25. b4 Nh5 26. Kf3 Nxf4 27. Kxf4 Rh1 28. b5 Ra1 29. Ke5 Ke7 30. bxc6 Bxc6 31. c4 dxc4 32. Bxc4 Rd1 33. Bb3 Rd3 34. Rc2 Bd7 35. g4 f6+ 36. Ke4 Rg3 37. Kf4 Rg1 38. Rc7 Kd6 39. Rxa7 g5+ 40. fxg6 Rxg4+ 41. Kf3 Rxg6 42. Ba4 Bxa4 1/2-1/2

[Event "Moscow op-A 17th"]
[Site "Moscow"]
[Date "2021.02.20"]
[Round "1"]
[White "Ivannikov, Maksim"]
[Black "Chuklin, Ivan"]
[Result "0-1"]
[WhiteElo "1763"]
[BlackElo "2181"]
[PlyCount "90"]
[EventDate "2021.02.20"]
[EventType "swiss"]
[EventRounds "9"]
[EventCountry "RUS"]
[SourceTitle "CBM 200 Extra"]
[Source "ChessBase"]
[SourceDate "2021.03.31"]
[SourceVersion "1"]
[SourceVersionDate "2021.03.31"]
[SourceQuality "1"]

1. e4 c5 2. Nc3 Nc6 3. Bb5 Nd4 4. Nf3 a6 5. Bd3 Nxf3+ 6. Qxf3 d6 7. 0-0 g6 8. b3 Bg7 9. Bb2 Nf6 10. Qe2 0-0 11. f4 b5 12. a4 b4 13. Nd1 Bb7 14. Nf2 e6 15. Rae1 Qc7 16. Ng4 Nxg4 17. Bxg7 Kxg7 18. Qxg4 f5 19. exf5 exf5 20. Qg3 Qf7 21. Re3 Rfe8 22. Rfe1 Kf8 23. Bc4 d5 24. Bf1 Qf6 25. Qf2 Rxe3 26. Qxe3 Qd4 27. Qxd4 cxd4 28. Re6 a5 29. Rb6 Ra7 30. Bb5 Ke7 31. Kf2 Bc8 32. Rc6 Bd7 33. Rc5 Kd6 34. Bxd7 Kxc5 35. Bb5 Kd6 36. Bd3 h6 37. g4 Ke6 38. Kg3 Kf6 39. h4 fxg4 40. Kxg4 Re7 41. h5 gxh5+ 42. Kxh5 Re1 43. Kh4 Rd1 44. Kh5 Rxd2 45. Bh7 d3 0-1